Equipas Portuguesas que jogaram na Primeira Liga - Statistics

Estatísticas Gerais
  • Esse quiz foi jogado 220 vezes
  • A pontuação média é 23 de 72
Estatísticas das Respostas
Resposta % Correto
Benfica
98%
Sporting
97%
Porto
96%
Braga
95%
Maritimo
77%
Boavista
75%
Vitoria de Guimaraes
75%
Belenenses
72%
Vitoria de Setubal
71%
Farense
68%
Santa Clara
66%
Portimonense
65%
Moreirense
63%
Estoril
59%
Rio Ave
59%
Gil Vicente
58%
Arouca
57%
Tondela
57%
Famalicao
55%
Nacional da Madeira
53%
Pacos de Ferreira
52%
Academica de Coimbra
48%
Beira-Mar
48%
Feirense
46%
Casa Pia
45%
Estrela da Amadora
45%
Olhanense
40%
Uniao de Leiria
39%
Leixoes
37%
Penafiel
37%
Vizela
37%
Uniao da Madeira
36%
Desportivo de Chaves
31%
Academico de Viseu
30%
Salgueiros
29%
Alverca
25%
Campomaiorense
22%
Naval
22%
Varzim
21%
Trofense
18%
CUF
17%
Barreirense
15%
Oliveirense
15%
Carcavelinhos
12%
Oriental
12%
Torreense
12%
Desportivo de Aves
11%
Felgueiras
11%
Amora
10%
Tirsense
10%
Atletico CP
8%
Leca
8%
Sporting Covilha
8%
Fafe
7%
Lusitano de Evora
7%
O Elvas
7%
Caldas
6%
Uniao de Coimbra
6%
Academico do Porto
5%
Sporting de Espinho
5%
Uniao de Tomar
5%
Agueda
4%
Riopele
3%
Ginasio de Alcobaca
2%
Uniao Lisboa
2%
Fabril Barreiro
1%
Lisboa FC
1%
Lusitano Vila Real de Santo Antonio
1%
Montijo
1%
Sanjoanense
1%
Seixal FC
1%
SL Elvas
1%
Nenhum quiz correspondente encontrado
Distribuição das Pontuações
Porcentagem de Pessoas com Cada Pontuação
Percentil de Números Respondidos
Sua Pontuação Histórica
Você não jogou esse quiz